Kanały Polsatu - Statystyki

Ogólne statystyki
  • Ten quiz został rozwiązany 18 razy
  • Średni wynik to 13 z 35
Statystyki odpowiedzi
Hint Odpowiedź % Poprawnych
Kanał Główny Polsat
100%
Kanał drugi z powtórkami głównego kanału (od końca 2015 roku jest dostępny dla wszystkich) Polsat 2
93%
Kanał Informacyjny Polsat News
87%
Kanał Filmowy Polsat Film
60%
Kanał Sportowy Polsat Sport 2
60%
Kanał Serialowy Polsat Seriale
53%
Kanał Sportowy Polsat Sport 1
53%
Kanał Sportowy Polsat Sport 3
53%
Kanał z Udogodnieniami Super Polsat
53%
Kanał dla ludzi mieszkających poza Polską (przejął po innym kanale tą rolę) Polsat 1
40%
Kanał z Grami oraz Anime Polsat Games
40%
Kanał dla Mężczyzn (dokumentalno-rozrywkowy) Polsat Play
40%
Kanał Ogólny TV4
40%
Kanał Informacyjny, emitujący co 30 minut albo 1 godzinę, najnowsze wiadomości Wydarzenia 24
40%
Kanał dla Kobiet (typu Lifestyle) Polsat Cafe
33%
Kanał Muzyczny Polsat Music
33%
Kanał Rodzinny, emitujący programy do kategorii max 12+ Polsat Rodzina
33%
Kanał Sportowy (premium) Polsat Sport Premium 1
33%
Kanał Sportowy (premium) Polsat Sport Premium 2
33%
Kanał Muzyczny z Disco Polo Polo TV
27%
Kanał Informacyjno-Biznesowy Polsat News 2
27%
Kanał związany z Polityką Polsat News Polityka
27%
Kanał Sportowy Polsat Sport Fight
27%
Kanał Muzyczny z Disco Polo Disco Polo Music
20%
Kanał Dokumentalny Polsat Doku
20%
Kanał Filmowy (kiedyś widmo) Polsat Film 2
20%
Kanał Sportowy (premium) Polsat Sport Extra 1
20%
Kanał Sportowy (premium) Polsat Sport Extra 2
20%
Kanał Sportowy (premium) Polsat Sport Extra 3
20%
Kanał Sportowy (premium) Polsat Sport Extra 4
20%
Kanał Dokumentalno-Rozrywkowy (kiedyś widmo) Polsat X
20%
Kanał Serialowo-Filmowy (obok TV4) TV6
20%
Kanał Telezakupowy TV Okazje
20%
Kanał Telezakupowy Mango 24
13%
Kanał typu Lifestyle (kiedyś widmo) Polsat Reality
13%
Nie znaleziono quizów pasujących do podanych kryteriów
Rozkład punktacji
Procent ludzi z każdym wynikiem
Percentyl według liczby udzielonych odpowiedzi
Twoja historia wyników
Nie rozwiązałeś tego quizu